| 000 | 01060nam a22003257a 4500 | ||
|---|---|---|---|
| 001 | BR9802575 | ||
| 003 | BR-BrBNA | ||
| 005 | 20230928095934.0 | ||
| 007 | ta | ||
| 008 | 230509b bl.||||| |||| 00| 0 por d | ||
| 040 |
_aBR-BrBNA _bpor _cBiblioteca Nacional de Agricultura |
||
| 041 | _a(Por) | ||
| 072 | _aF70 | ||
| 090 | _ F70 BR9802575 | ||
| 100 | 1 | _aPinto, J.R.R. | |
| 110 | 1 |
_aUniversidade Federal de Lavras, MG (Brasil) _0Tese (Mestrado) |
|
| 245 | 1 | _aLevantamento floristico, estrutura da comunidade arboreo-arbustiva e suas correlacoes com variaveis ambientais em uma floresta de vale no Parque Nacional da Chapada dos Guimaraes, Mato Grosso | |
| 260 | 3 |
_aLavras, MG (Brasil): _c1997. |
|
| 300 | _a85 p. | ||
| 500 | _aBibliography p. 78-85; 7 tables; 13 illus.; Summaries (Eng, Por) | ||
| 650 | _aFlora | ||
| 650 | _aCondicao Ambiental | ||
| 650 | _aFloresta | ||
| 650 | _aEcologia Florestal | ||
| 650 | _aVegetacao | ||
| 650 | _aParque Nacional | ||
| 650 | _aMato Grosso | ||
| 909 |
_a202309 _bLucia _c55 _dLucia Elande |
||
| 942 | _cBK | ||
| 999 |
_c59511 _d59511 |
||